The passion for souls. (Record no. 10702)

000 -LEADER
fixed length control field 00794nam a2200217 a 4500
001 - CONTROL NUMBER
control field :::00008493$&:&@@
003 - CONTROL NUMBER IDENTIFIER
control field OkBaRHE
005 - DATE AND TIME OF LATEST TRANSACTION
control field 20000607103344.0
008 - FIXED-LENGTH DATA ELEMENTS--GENERAL INFORMATION
fixed length control field s1986 j 000 0 eng u
040 ## - CATALOGING SOURCE
Transcribing agency
100 1# - MAIN ENTRY--PERSONAL NAME
Personal name Smith, Oswald Jeffrey, 1889-
245 14 - TITLE STATEMENT
Title The passion for souls.
260 ## - PUBLICATION, DISTRIBUTION, ETC. (IMPRINT)
Place of publication, distribution, etc Burlington, Ontario, CAN., :
Name of publisher, distributor, etc Welch Publishing Co.
Date of publication, distribution, etc 1986
300 ## - PHYSICAL DESCRIPTION
Extent 128 p. ;
Dimensions 22 cm.
650 ## - SUBJECT ADDED ENTRY--TOPICAL TERM
Topical term or geographic name as entry element Evangelistic Work
650 ## - SUBJECT ADDED ENTRY--TOPICAL TERM
Topical term or geographic name as entry element Revivals
942 ## - ADDED ENTRY ELEMENTS (KOHA)
Source of classification or shelving scheme
Koha item type Books
Copies
Lost status Koha item type Price effective from Barcode Permanent Location Source of classification or shelving scheme Withdrawn status Date last seen Date acquired Copy number Shelving location Full call number Damaged status Not for loan
 Books2010-04-148493RHEMA Bible Training College  2010-04-142010-04-141General StacksBV 3790 .S633  
 Books2010-04-1416666RHEMA Bible Training College  2010-04-142010-04-142General StacksBV 3790 .S633  
 Books2010-04-1416667RHEMA Bible Training College  2010-04-142010-04-143General StacksBV 3790 .S633